Statystyki dla Stany Stanów Zjednoczonych - Quiz Na Mapie

Kliknij tutaj aby rozwiązać quiz!

Ogólne statystyki

  • Ten quiz został rozwiązany 304 razy
  • Średni wynik to 23 z 50

Odpowiedzi na mapie

Odpowiedzi skodowane kolorowo w zielono-czerwonej skali na mapie do tego quizu, zgodnie z poniższymi procentami.
 

Statystyki odpowiedzi

Odpowiedź% Poprawnych
Alaska
88%
Teksas
82%
Hawaje
81%
Kalifornia
81%
Waszyngton
76%
Floryda
75%
Nowy Meksyk
60%
Oregon
60%
Arizona
59%
Alabama
53%
Luizjana
53%
Nevada
52%
Nowy Jork
52%
Dakota Południowa
51%
Dakota Północna
50%
Karolina Północna
50%
Karolina Południowa
50%
Michigan
49%
Georgia
47%
Montana
47%
Tennessee
47%
Maine
46%
Pennsylwania
45%
Wirginia Zachodnia
45%
Illinois
44%
Wirginia
43%
Kentucky
42%
Ohio
42%
Idaho
39%
Kolorado
39%
Rhode Island
38%
Utah
38%
Vermont
37%
Minnesota
36%
Oklahoma
36%
Indiana
35%
Mississippi
34%
New Jersey
34%
Wisconsin
34%
Wyoming
34%
Connecticut
32%
Arkansas
30%
Delaware
30%
Massachusetts
29%
Kansas
28%
Maryland
28%
Nebraska
28%
Missouri
27%
Iowa
26%
New Hampshire
25%

Rozkład punktacji

Percentyl według liczby udzielonych odpowiedzi

Procent ludzi z każdym wynikiem

Twoja historia wyników

Nie rozwiązałeś tego quizu